01014cam a22003017a 4500003000500000005001700005008004100022010001000063011001000073020001800083035001000101040000900111082001800120100003100138245006700169260003600236300002000272590004100292590004200333650002500375700003600400901000700436905002600443942001000469949007700479999001700556952013900573CHAP20220329142613.0010926d2000 mx r 00110 spa d a85565 a86537 a0 7134 6982 X a97075 cCHAP04a635.93362bG500aGelderen, D. M. van94741710aRhododendronsc/by D.M. van Gelderen and J.R.P. van Hoey Smith aLondon :bB.T. Batsford,c1992. a424 p. :bilus. aBATCH-UPDb10c20130110lUCH01h2024 aCONVERSIONb10c20130109lUCH01h134714aRhododendron.99716100aHoey Smith, J. R. P. van955778 aBK aAlejandra Carrasco M. cLIBRO a635.93362 G5bBCcCd33724000862389eCh102307i97075kI.c/esbt$450.00 c85565d85565 00102ddc4051708CaBCbBCcPA_CONSULTAd2019-12-31fLIBROl0o635.93362 G5p33724000862389r2019-12-31 00:00:00w2019-12-31yLIBRO